La división del trabajo social / (Record no. 16421)
[ view plain ]
| 000 -CABECERA | |
|---|---|
| campo de control de longitud fija | 00588nam a2200205 a 4500 |
| 005 - FECHA Y HORA DE LA ÚLTIMA TRANSACCIÓN | |
| campo de control | 20260109063954.0 |
| 008 - ELEMENTOS DE LONGITUD FIJA--INFORMACIÓN GENERAL | |
| campo de control de longitud fija | 991125s1980 mx 000 0 spa u |
| 020 ## - NÚMERO INTERNACIONAL NORMALIZADO PARA LIBROS | |
| Número Internacional Estándar del Libro | 9688670081 |
| 035 ## - NÚMERO DE CONTROL DEL SISTEMA | |
| Número de control de sistema | UPN01000016421 |
| 049 ## - COLECCIÓN | |
| Colección | CG |
| 050 #4 - SIGNATURA TOPOGRÁFICA DE LA BIBLIOTECA DEL CONGRESO | |
| Número de clasificación | HD51 |
| Número de documento/Ítem | D8.38 1980 |
| 100 1# - ASIENTO PRINCIPAL--NOMBRE PERSONAL | |
| Nombre de persona | Durkheim, Emile, |
| Fechas asociadas al nombre | 1858-1917 |
| 245 13 - MENCIÓN DE TÍTULO | |
| Título | La división del trabajo social / |
| Mención de responsabilidad, etc. | Emile Durkheim ; tr. Carlos G. Posada. |
| 250 ## - MENCIÓN DE EDICIÓN | |
| Mención de edición | 2a ed. |
| 260 ## - PUBLICACIÓN, DISTRIBUCIÓN, ETC. | |
| Lugar de publicación, distribución, etc. | México : |
| Nombre del editor, distribuidor, etc. | Colofón, |
| Fecha de publicación, distribución, etc. | [1980?]. |
| 300 ## - DESCRIPCIÓN FÍSICA | |
| Extensión | 440 p. |
| 650 #2 - ASIENTO SECUNDARIO DE MATERIA - TERMINO TEMATICO | |
| Término de materia o nombre geográfico como elemento de entrada | División del trabajo |
| 9 (RLIN) | 14959 |
| 650 #4 - ASIENTO SECUNDARIO DE MATERIA - TERMINO TEMATICO | |
| Término de materia o nombre geográfico como elemento de entrada | Trabajo y trabajadores |
| 9 (RLIN) | 6124 |
| 905 ## - TIPO DE MATERIAL | |
| Tipo de material | Libro |
| Estado de retiro | Estado de pérdida | Fuente del sistema de clasificación o colocación | Estado dañado | No para préstamo | Código de colección | Localización permanente | Ubicación/localización actual | Ubicación en estantería | Fecha de adquisición | Total de préstamos | Renovaciones totales | Clasificación | Código de barras | Fecha visto por última vez | Fecha del último préstamo | Número de copia | Tipo de ítem Koha | Restricciones de uso | Enumeración/cronología de publicación seriada |
|---|---|---|---|---|---|---|---|---|---|---|---|---|---|---|---|---|---|---|---|
| Library of Congress Classification | Colección General | Bib. Gregorio Torres Quintero | Bib. Gregorio Torres Quintero | Planta baja | 16/05/2024 | 49 | 1 | HD51 D8.38 1980 | 90403 | 07/06/2024 | 16/05/2024 | 1 | Libro | ||||||
| Library of Congress Classification | Bibliografía básica | Bib. Gregorio Torres Quintero | Bib. Gregorio Torres Quintero | Colecciones especiales Planta alta | 30/01/2023 | 29 | HD51 D8.38 1980 | 90402 | 31/12/2020 | 1 | Libro por horas | Préstamo por horas | |||||||
| Library of Congress Classification | Colección General | Bib. Gregorio Torres Quintero | Bib. Gregorio Torres Quintero | Planta baja | 16/05/2024 | 8 | HD51 D8.38 1980 | 85530 | 26/05/2025 | 20/05/2025 | 1 | Libro | |||||||
| Library of Congress Classification | En proceso | Colección General | Bib. Gregorio Torres Quintero | Bib. Gregorio Torres Quintero | Planta baja | HD51 D8.38 1980 | 85529 | 31/12/2020 | 1 | Libro | revisar | ||||||||
| Library of Congress Classification | En proceso | Colección General | Bib. Gregorio Torres Quintero | Bib. Gregorio Torres Quintero | Planta baja | HD51 D8.38 1980 | 85531 | 31/12/2020 | 1 | Libro | revisar |
